Atoms, molecules and quanta / (Record no. 133039)

MARC details
000 -LEADER
campo de control de longitud fija 00711nam a2200217 4500
001 - NÚMERO DE CONTROL
campo de control 133039
003 - IDENTIFICADOR DE NÚMERO DE CONTROL
campo de control ES-MaACL
005 - FECHA Y HORA DE LA ÚLTIMA TRANSACCIÓN
campo de control 20230906194318.0
007 - CAMPO FIJO DE DESCRIPCIÓN FÍSICA--INFORMACIÓN GENERAL
campo de control de longitud fija t|
008 - DATOS DE LONGITUD FIJA--INFORMACIÓN GENERAL
campo de control de longitud fija 070214s1930 xxu r ||||1| eng d
100 1# - ENTRADA PRINCIPAL--NOMBRE DE PERSONA
Nombre de persona Ruark, Arthur Edward.
9 (RLIN) 100275
245 10 - MENCIÓN DEL TÍTULO
Título Atoms, molecules and quanta /
Mención de responsabilidad, etc. by Arthur Edward Ruark and Harold Clayton Urey.
250 ## - MENCION DE EDICION
Mención de edición 1st ed., 12th imp.
260 ## - PUBLICACIÓN, DISTRIBUCIÓN, ETC.
Lugar de publicación, distribución, etc. New York [etc.] :
Nombre del editor, distribuidor, etc. McGraw-Hill Book Company,
Fecha de publicación, distribución, etc. 1930.
300 ## - DESCRIPCIÓN FÍSICA
Extensión XVII, 790 p. :
Otras características físicas il. ;
Dimensiones 24 cm.
490 1# - MENCIÓN DE SERIE
Mención de serie International series in Physics
700 1# - ENTRADA AGREGADA--NOMBRE PERSONAL
Nombre de persona Urey, Harold Clayton.
9 (RLIN) 112131
830 0# - PUNTO DE ACCESO ADICIONAL DE SERIE-TÍTULO UNIFORME
Título uniforme International series in Physics
9 (RLIN) 219697
852 ## - LOCALIZACIÓN
Ubicación ES-MaACL
Número de control de estantería F-5167
Sublocalización o colección R.26814
Holdings
Estatus retirado Estado de pérdida Estado de daño No para préstamo Biblioteca de origen Biblioteca actual Ubicación en estantería Fecha de adquisición Fuente de adquisición Total de préstamos Signatura topográfica completa Código de barras Visto por última vez Precio de reemplazo Tipo de ítem Koha
        Biblioteca del Ateneo de Madrid Biblioteca del Ateneo de Madrid Depósito 2 17/01/2008     F-5167 1138503 23/02/2023 23/02/2023 Libro impreso